00531nam a2200217Ia 4500008004100000020001800041040000600059041001200065082001400077082001100091100001500102245002200117245001500139250000600154260001400160260003700174260000900211300005500220300001000275501002800285141004s9999 xx 000 0 und d a81 224 0065 5 ca aEnglish a634.956 5 bSAD/PL aMK Sadhu  aPlant propagation cMK Sadhu  a4 aNew Delhi bNew age international publishers c1989 a287 p.  b24 cm aKAUCOF